| 000 | 00497nam a2200169 a 4500 | ||
|---|---|---|---|
| 001 | 3757 | ||
| 005 | 20140414131854.0 | ||
| 008 | 061010s19uu xx 00 eng d | ||
| 020 | _a0-7460-0258-0 | ||
| 050 |
_aM 398.2 _bA31 1988 |
||
| 100 | _aAmery. Heather | ||
| 245 |
_aFirst storybook / _cretold by Heather Amery ; illustrated by Stephen Cartwright. |
||
| 260 |
_aBritain : _bUsborne Pub., _c1988. |
||
| 300 | _a96 p. : ill. ; cm. | ||
| 650 | _aCollection of short stories. | ||
| 999 |
_c110342 _d110342 |
||